00514nam a2200169Ia 4500999001900000003000500019005001700024008004100041040000800082082001900090100003200109245004800141260003400189300001200223942001200235952009700247 c522997d522997NUST20190129115208.0190125s9999 xx 000 0 und d cDLC a624.15136bKAL aUtsav Chandra Kalita913294 aSoil Mechanics and Foundation Engineering / bPHI LearningaNew Delhic2011 a267p. : 2ddccBK 00102ddc4070aCLbCLd2019-01-29l0o624.15136 KALpNIT-10016r2022-09-23w2019-01-29yBK